[Event "Caioba Copel op 5th"]
[Site "Caioba"]
[Date "2019.08.15"]
[Round "1"]
[White "Blau, Vitoria Caroline"]
[Black "Soares, Gustavo Henrique"]
[Result "0-1"]
[WhiteElo "1393"]
[BlackElo "1869"]
[PlyCount "45"]
[EventDate "2019.08.15"]
[EventType "swiss"]
[EventRounds "6"]
[EventCountry "BRA"]
[SourceTitle "EXT 2020"]
[Source "ChessBase"]
[SourceDate "2019.10.17"]
[SourceVersion "1"]
[SourceVersionDate "2019.10.17"]
[SourceQuality "1"]

1. d4 Nf6 2. c4 c5 3. e3 cxd4 4. exd4 d5 5. Nf3 Bf5 6. Be2 dxc4 7. Bxc4 e6 8. 0-0 Bd6 9. Nc3 0-0 10. h3 Nbd7 11. Be3 Nb6 12. Bb3 Be7 13. Nh4 Be4 14. Nxe4 Nxe4 15. Nf3 Nd5 16. Bc2 Ndf6 17. Rc1 Qb6 18. Bb3 Bd6 19. Nd2 Rfe8 20. Nc4 Qd8 21. Nxd6 Qxd6 22. Bc2 b5 23. g4 0-1

[Event "BRA-ch U16 Girls"]
[Site "Juiz de Fora"]
[Date "2019.04.20"]
[Round "4"]
[White "Moretto, Leticia Soares"]
[Black "Blau, Vitoria Caroline"]
[Result "0-1"]
[WhiteElo "1418"]
[BlackElo "1361"]
[PlyCount "90"]
[EventDate "2019.04.18"]
[EventType "swiss"]
[EventRounds "6"]
[EventCountry "BRA"]
[SourceTitle "CBM 190 Extra"]
[Source "ChessBase"]
[SourceDate "2019.07.15"]
[SourceVersion "1"]
[SourceVersionDate "2019.07.15"]
[SourceQuality "1"]

1. d4 Nf6 2. c4 g6 3. Nc3 Bg7 4. e4 d6 5. Nf3 0-0 6. Be2 e5 7. dxe5 dxe5 8. 0-0 Nbd7 9. Be3 c6 10. Qc2 b6 11. Rad1 Qc7 12. Qd3 Bb7 13. Qd6 Qxd6 14. Rxd6 Rfd8 15. Rfd1 Bf8 16. R6d2 Be7 17. a3 c5 18. Bd3 Ng4 19. Bg5 Bxg5 20. Nxg5 Nf8 21. Be2 Rxd2 22. Rxd2 Nf6 23. Bd3 Rd8 24. Nf3 N6d7 25. Bc2 Ne6 26. Ba4 Nf6 27. Rxd8+ Nxd8 28. Bc2 Nc6 29. Kf1 Nd4 30. Nxd4 cxd4 31. Nd5 Nxd5 32. exd5 Kf8 33. Ke2 b5 34. b3 Ke7 35. Kf3 Kd6 36. Bd3 f5 37. Bc2 Kc5 38. Ke2 bxc4 39. bxc4 Kxc4 40. d6 Bc6 41. f3 Kc5 42. Bb3 Kxd6 43. Bg8 h6 44. Bf7 g5 45. Bg6 f4 0-1

[Event "Blumenau STD op"]
[Site "Blumenau"]
[Date "2018.09.29"]
[Round "3"]
[White "Soares, Gustavo Henrique"]
[Black "Blau, Vitoria Caroline"]
[Result "1-0"]
[WhiteElo "1656"]
[BlackElo "1356"]
[PlyCount "92"]
[EventDate "2018.09.28"]
[EventType "swiss"]
[EventRounds "6"]
[EventCountry "BRA"]
[SourceTitle "EXT 2020"]
[Source "ChessBase"]
[SourceDate "2019.10.17"]
[SourceVersion "1"]
[SourceVersionDate "2019.10.17"]
[SourceQuality "1"]

1. d4 Nf6 2. Bg5 c5 3. d5 d6 4. Nc3 Nbd7 5. e4 g6 6. f4 Bg7 7. Nf3 0-0 8. e5 dxe5 9. fxe5 Ng4 10. d6 Ngxe5 11. dxe7 Nxf3+ 12. Qxf3 Re8 13. Bc4 Rxe7+ 14. Bxe7 Qxe7+ 15. Qe2 Qxe2+ 16. Bxe2 Nf6 17. 0-0-0 Bf5 18. Bf3 Rb8 19. Rhe1 b5 20. Nd5 Nxd5 21. Rxd5 c4 22. Red1 Bf6 23. Rd6 Bg5+ 24. Kb1 b4 25. g4 Be6 26. h3 b3 27. Bd5 bxc2+ 28. Kxc2 Bf6 29. b3 cxb3+ 30. axb3 Bxd5 31. R6xd5 Rc8+ 32. Kd2 Bh4 33. Rd7 Rb8 34. Kc2 Rc8+ 35. Kb2 Bf6+ 36. Ka3 Rc3 37. g5 Bg7 38. Rd8+ Bf8+ 39. Ka4 Rxh3 40. Ra8 Kg7 41. Rdd8 Rh4+ 42. Kb5 Rg4 43. Rxf8 Rxg5+ 44. Kc4 Ra5 45. Rg8+ Kf6 46. Rae8 h5 1-0

[Event "Santa Catarina State-ch U20 Girls"]
[Site "Blumenau"]
[Date "2018.08.24"]
[Round "1.1"]
[White "Blau, Vitoria Caroline"]
[Black "Rodio, Julia Brunetto"]
[Result "0-1"]
[WhiteElo "1363"]
[BlackElo "1772"]
[PlyCount "72"]
[EventDate "2018.08.24"]
[EventType "swiss"]
[EventRounds "6"]
[EventCountry "BRA"]
[SourceTitle "EXT 2022"]
[Source "ChessBase"]
[SourceDate "2021.10.06"]
[SourceVersion "1"]
[SourceVersionDate "2021.10.06"]
[SourceQuality "1"]

1. d4 d5 2. c4 Nc6 3. cxd5 Qxd5 4. Nf3 e5 5. Nc3 Bb4 6. Bd2 Bxc3 7. Bxc3 e4 8. Nd2 Nf6 9. e3 Qf5 10. Be2 Qg6 11. Rg1 Nd5 12. Qc2 f5 13. Nb3 Qh6 14. Bd2 Qxh2 15. 0-0-0 Qd6 16. Bb5 Bd7 17. Nc5 Rb8 18. Kb1 a6 19. Nxd7 Kxd7 20. Bxc6+ Qxc6 21. Rc1 Qxc2+ 22. Rxc2 g5 23. f3 Rbe8 24. Rf1 Rhf8 25. Rh1 Rf7 26. Rh5 exf3 27. gxf3 Nxe3 28. Rc3 Nd5 29. Rc5 c6 30. Rxg5 Re2 31. Rc2 Rf2 32. Rg3 f4 33. Rh3 Ne3 34. Bxe3 fxe3 35. Rh2 R2xf3 36. Rce2 Rf2 0-1

[Event "Blumenau STD op"]
[Site "Blumenau"]
[Date "2018.05.25"]
[Round "1"]
[White "Matsuura, Everaldo"]
[Black "Blau, Vitoria Caroline"]
[Result "1-0"]
[WhiteElo "2485"]
[BlackElo "1319"]
[PlyCount "61"]
[EventDate "2018.05.25"]
[EventType "swiss"]
[EventRounds "6"]
[EventCountry "BRA"]
[SourceTitle "CBM 184 Extra"]
[Source "ChessBase"]
[SourceDate "2018.06.28"]
[SourceVersion "1"]
[SourceVersionDate "2018.06.28"]
[SourceQuality "1"]

1. e4 c5 2. c3 d6 3. d4 Nf6 4. Bd3 g6 5. h3 Bg7 6. Nf3 0-0 7. 0-0 Nbd7 8. Qe2 a6 9. e5 Nd5 10. e6 N7f6 11. exf7+ Kh8 12. dxc5 Rxf7 13. cxd6 Qxd6 14. Rd1 Nh5 15. Bc4 Nhf4 16. Bxf4 Nxf4 17. Qf1 Qf6 18. Bxf7 Qxf7 19. Ng5 Qf5 20. Qc4 Be6 21. Nxe6 Nxe6 22. Qg4 Qf6 23. Nd2 Rf8 24. Ne4 Qe5 25. Re1 Rf4 26. Qe2 Nc7 27. Rad1 Bf8 28. g3 Rf5 29. f4 Qe6 30. Ng5 Qxe2 31. Rxe2 1-0

[Event "Florianopolis op 4th"]
[Site "Florianopolis"]
[Date "2018.01.20"]
[Round "3"]
[White "Duarte, Atila Phoebus Santo"]
[Black "Blau, Vitoria Caroline"]
[Result "1-0"]
[WhiteElo "1529"]
[BlackElo "1293"]
[PlyCount "91"]
[EventDate "2018.01.19"]
[EventType "swiss"]
[EventRounds "10"]
[EventCountry "BRA"]
[SourceTitle "CBM 182 Extra"]
[Source "ChessBase"]
[SourceDate "2018.02.23"]
[SourceVersion "1"]
[SourceVersionDate "2018.02.23"]
[SourceQuality "1"]

1. g3 Nf6 2. Bg2 g6 3. Nf3 d6 4. 0-0 Bg7 5. d3 0-0 6. c4 e5 7. Nc3 Nc6 8. Bg5 Ne7 9. Qd2 c6 10. e4 d5 11. Nxe5 dxe4 12. Bh6 exd3 13. Bxg7 Kxg7 14. Nxd3 Bf5 15. Rad1 Bxd3 16. Qxd3 Qb6 17. b3 Rad8 18. Qc2 Nf5 19. Qb2 Nd4 20. Na4 Qc7 21. Rxd4 Rxd4 22. Qxd4 b5 23. cxb5 cxb5 24. Nc5 Rd8 25. Qc3 Qb6 26. Ne4 b4 27. Qxf6+ Qxf6 28. Nxf6 Kxf6 29. Rc1 Rd2 30. Rc6+ Kg7 31. Ra6 Rd7 32. Ra4 Rd2 33. Rxa7 Kf6 34. Ra4 Ke5 35. Rxb4 Rxa2 36. Rb7 f6 37. Rxh7 Rb2 38. Rb7 Rb1+ 39. Bf1 Ke4 40. Kg2 g5 41. Rb4+ Kd5 42. Bc4+ Kc5 43. Rb5+ Kd4 44. Rf5 Kc3 45. Rxf6 Kd2 46. h4 1-0

[Event "BRA-ch U16 Girls"]
[Site "Itajai"]
[Date "2017.06.02"]
[Round "3"]
[White "Blau, Vitoria Caroline"]
[Black "Di Simoni, Rafaela Moura"]
[Result "1/2-1/2"]
[WhiteElo "1308"]
[BlackElo "1468"]
[PlyCount "44"]
[EventDate "2017.06.01"]
[EventType "swiss"]
[EventRounds "6"]
[EventCountry "BRA"]
[SourceTitle "CBM 179 Extra"]
[Source "ChessBase"]
[SourceDate "2017.08.23"]
[SourceVersion "1"]
[SourceVersionDate "2017.08.23"]
[SourceQuality "1"]

1. d4 Nf6 2. c4 g6 3. Nc3 Bg7 4. e4 d6 5. Nf3 0-0 6. Be2 e5 7. Be3 Nc6 8. d5 Ne7 9. Nd2 Ne8 10. b4 f5 11. f3 f4 12. Bf2 Nf6 13. c5 g5 14. Nc4 Ng6 15. cxd6 cxd6 16. 0-0 Rf7 17. Rc1 h5 18. Nd2 g4 19. g3 Bf8 20. Re1 Rg7 21. Nf1 Nh8 22. Rc2 Nf7 1/2-1/2

[Event "BRA-ch U14 Girls"]
[Site "Brasilia"]
[Date "2017.04.23"]
[Round "6"]
[White "De Freitas, Isabella Ribeiro Co"]
[Black "Blau, Vitoria Caroline"]
[Result "1-0"]
[WhiteElo "1497"]
[BlackElo "1361"]
[PlyCount "107"]
[EventDate "2017.04.21"]
[EventType "swiss"]
[EventRounds "6"]
[EventCountry "BRA"]
[SourceTitle "CBM 177 Extra"]
[Source "ChessBase"]
[SourceDate "2017.04.27"]
[SourceVersion "1"]
[SourceVersionDate "2017.04.27"]
[SourceQuality "1"]

1. c4 Nf6 2. Nc3 g6 3. g3 Bg7 4. Bg2 d6 5. Nf3 0-0 6. 0-0 Nc6 7. Rb1 e5 8. d3 Bd7 9. b4 Ne7 10. Bd2 c6 11. b5 Nc8 12. a4 Rb8 13. Ng5 Qc7 14. Nge4 Nxe4 15. Bxe4 Ne7 16. Qc1 Be6 17. Qa3 d5 18. cxd5 cxd5 19. Bg2 b6 20. Rfc1 Qd7 21. a5 Rfc8 22. a6 Rc7 23. Qb4 Rbc8 24. h4 Bf8 25. Qb2 Rc5 26. Na2 Rxc1+ 27. Rxc1 d4 28. Bg5 Bxa2 29. Qxa2 Rxc1+ 30. Bxc1 Qxb5 31. Bb7 Qd7 32. Ba3 Nc6 33. Bxf8 Kxf8 34. Qc4 Ne7 35. Qc1 Kg7 36. h5 h6 37. hxg6 Nxg6 38. Qc4 Ne7 39. Qb3 Nc6 40. Qb5 Qg4 41. Bxc6 Qxe2 42. Be8 e4 43. Qe5+ Kf8 44. dxe4 d3 45. Bb5 Qe1+ 46. Kg2 d2 47. Qe8+ Kg7 48. Qe5+ Kg6 49. Qd6+ Kg7 50. Qd4+ Kg6 51. Ba4 h5 52. e5 Qe2 53. Bc2+ Kg5 54. Qf4# 1-0

[Event "BRA-ch U14 Girls"]
[Site "Brasilia"]
[Date "2017.04.22"]
[Round "4"]
[White "Gomes, Maria Eduarda Papin"]
[Black "Blau, Vitoria Caroline"]
[Result "1-0"]
[WhiteElo "1528"]
[BlackElo "1361"]
[PlyCount "70"]
[EventDate "2017.04.21"]
[EventType "swiss"]
[EventRounds "6"]
[EventCountry "BRA"]
[SourceTitle "CBM 177 Extra"]
[Source "ChessBase"]
[SourceDate "2017.04.27"]
[SourceVersion "1"]
[SourceVersionDate "2017.04.27"]
[SourceQuality "1"]

1. d4 Nf6 2. c4 g6 3. Nc3 Bg7 4. e4 d6 5. Nf3 0-0 6. Be2 e5 7. 0-0 Nc6 8. d5 Ne7 9. b4 Nd7 10. Nd2 f5 11. c5 f4 12. Ba3 Nf6 13. Nc4 a6 14. f3 Ne8 15. b5 axb5 16. Nxb5 Bd7 17. cxd6 cxd6 18. Nbxd6 Nxd6 19. Bxd6 b5 20. Bxe7 Qxe7 21. Nd2 g5 22. Nb3 Rac8 23. Rc1 Kh8 24. Qd2 Rg8 25. Rxc8 Bxc8 26. Bxb5 Qd8 27. Be2 Bf8 28. Qb2 Bd6 29. Nd2 h5 30. Kh1 g4 31. Nc4 Bc7 32. Nxe5 Kh7 33. fxg4 Qg5 34. Nf3 Qxg4 35. Ne1 Ba5 1-0

[Event "Florianopolis op 3rd"]
[Site "Florianopolis"]
[Date "2017.01.23"]
[Round "5"]
[White "Salvadego, Matheus Henrique De"]
[Black "Blau, Vitoria Caroline"]
[Result "0-1"]
[WhiteElo "1290"]
[BlackElo "1355"]
[PlyCount "88"]
[EventDate "2017.01.20"]
[EventType "swiss"]
[EventRounds "10"]
[EventCountry "BRA"]
[SourceTitle "CBM 176 Extra"]
[Source "ChessBase"]
[SourceDate "2017.03.02"]
[SourceVersion "1"]
[SourceVersionDate "2017.03.02"]
[SourceQuality "1"]

1. d4 Nf6 2. c4 g6 3. Nc3 Bg7 4. e4 d6 5. f4 e5 6. dxe5 dxe5 7. fxe5 Qxd1+ 8. Kxd1 Ng4 9. Ke1 Bxe5 10. h3 Bg3+ 11. Ke2 Nf2 12. Nf3 Nxh1 13. Be3 Nc6 14. Rd1 Be6 15. Nd5 Rd8 16. Bg5 Rd6 17. e5 Nxe5 18. Nf6+ Kf8 19. Rxd6 cxd6 20. Bh6+ Ke7 21. Bg7 Rc8 22. Kd1 Nf2+ 23. Kd2 Nxc4+ 24. Bxc4 Bxc4 25. Nxh7 Bf4+ 26. Ke1 Be3 27. Bf6+ Ke8 28. Bc3 Rc7 29. Nf6+ Kd8 30. Ba5 b6 31. Bc3 Re7 32. Nd5 Bxd5 33. Bf6 Bd4+ 34. Bxe7+ Kxe7 35. Nxd4 Nd3+ 36. Kf1 Nxb2 37. a3 Nc4 38. Nb5 Ne3+ 39. Kf2 Nxg2 40. Nxa7 Be4 41. Nb5 f5 42. Nd4 d5 43. a4 Kd6 44. Ke2 Nf4+ 0-1